Empezamos el jardín!: propuesta para el período de inicio
Uloženo v:
| Hlavní autoři: | , |
|---|---|
| Médium: | Kniha |
| Jazyk: | španělština |
| Vydáno: |
Buenos Aires
Magisterio del Río de la Plata
2007
|
| Vydání: | 1a. ed |
| Témata: | |
| Tagy: |
Přidat tag
Žádné tagy, Buďte první, kdo vytvoří štítek k tomuto záznamu!
|
MARC
| LEADER | 00000nam a2200000 a 4500 | ||
|---|---|---|---|
| 001 | UCI8850 | ||
| 003 | CL-VaPUC | ||
| 008 | 081009e20070000AG |||||||||||||||||spa|d | ||
| 020 | |a 9789505503247 | ||
| 082 | 0 | 4 | |a 372.21 |b ABU |2 21 |
| 100 | 0 | |a Abuchedid, Patricia Claudia |e author |9 532491 | |
| 700 | 0 | |a Russomando de Camilión, Patricia M |e author |9 532492 | |
| 245 | 1 | 0 | |a Empezamos el jardín!: propuesta para el período de inicio |
| 250 | |a 1a. ed | ||
| 300 | |a 124 p | ||
| 942 | |c BK | ||
| 945 | |d 20081009 00:00:00 |a rbrito | ||
| 260 | |a Buenos Aires |b Magisterio del Río de la Plata |c 2007 | ||
| 650 | 0 | |a Educación preescolar |9 260381 | |
| 650 | 0 | |a Jardines infantiles |9 307427 | |
| 650 | 0 | |a Métodos de enseñanza |9 270413 | |
| 583 | |a last modification |c 20081009 00:00:00 |k Rodrigo Vera | ||
| 999 | |c 331616 |d 331614 | ||
| 952 | |0 0 |1 0 |4 0 |6 372_210000000000000_ABU_2007 |7 0 |8 A |9 418400 |a BIBEDU |b BIBEDU |c ES_NOD |d 2019-11-22 |i 4487087 |o 372.21 ABU 2007 |p 4487087 |r 2023-08-09 |w 2019-11-22 |y BK |k PAR | ||